| 000 | 00483 a2200217 4500 | ||
|---|---|---|---|
| 260 | _aParis | ||
| 100 | _aUNESCO | ||
| 260 | _bUNESCO | ||
| 245 | _aBiologie des sols | ||
| 300 | _a248 p. | ||
| 650 | _a<Sols> | ||
| 260 | _c1969 | ||
| 300 | _bill. ; 28 cm | ||
| 130 | _lFr. | ||
| 035 | _a1948 | ||
| 440 | _a(Recherches sur les ressources naturelles ; 9) | ||
| 500 | _aBibliographie à la fin des chapitres | ||
| 999 |
_c11542 _d11542 |
||